Introduction to Digital Humanism (Record no. 81301)

MARC details
000 -LEADER
fixed length control field 04124namaa2200565uu 4500
001 - CONTROL NUMBER
control field doab134113
003 - CONTROL NUMBER IDENTIFIER
control field oapen
005 - DATE AND TIME OF LATEST TRANSACTION
control field 20260218110445.0
006 - FIXED-LENGTH DATA ELEMENTS--ADDITIONAL MATERIAL CHARACTERISTICS
fixed length control field m o d
007 - PHYSICAL DESCRIPTION FIXED FIELD--GENERAL INFORMATION
fixed length control field cr|mn|---annan
008 - FIXED-LENGTH DATA ELEMENTS--GENERAL INFORMATION
fixed length control field 240214s2024 xx |||||o ||| 0|eng d
020 ## - INTERNATIONAL STANDARD BOOK NUMBER
International Standard Book Number 978-3-031-45304-5
020 ## - INTERNATIONAL STANDARD BOOK NUMBER
International Standard Book Number 9783031453038
020 ## - INTERNATIONAL STANDARD BOOK NUMBER
International Standard Book Number 9783031453045
024 7# - OTHER STANDARD IDENTIFIER
Standard number or code 10.1007/978-3-031-45304-5
Source of number or code doi
040 ## - CATALOGING SOURCE
Original cataloging agency oapen
Transcribing agency oapen
Modifying agency
041 0# - LANGUAGE CODE
Language code of text/sound track or separate title eng
042 ## - AUTHENTICATION CODE
Authentication code dc
245 00 - TITLE STATEMENT
Title Introduction to Digital Humanism
Remainder of title A Textbook
260 ## - PUBLICATION, DISTRIBUTION, ETC.
Place of publication, distribution, etc. Cham
Name of publisher, distributor, etc. Springer Nature
Date of publication, distribution, etc. 2024
300 ## - PHYSICAL DESCRIPTION
Extent 1 online resource (637 p.)
336 ## - CONTENT TYPE
Content type term text
Content type code txt
Source rdacontent
337 ## - MEDIA TYPE
Media type term computer
Media type code c
Source rdamedia
338 ## - CARRIER TYPE
Carrier type term online resource
Carrier type code cr
Source rdacarrier
506 0# - RESTRICTIONS ON ACCESS NOTE
Standardized terminology for access restriction Unrestricted online access
Source of term star
520 ## - SUMMARY, ETC.
Summary, etc. This open access textbook introduces and defines digital humanism from a diverse range of disciplines. Following the 2019 Vienna Manifesto, the book calls for a digital humanism that describes, analyzes, and, most importantly, influences the complex interplay of technology and humankind, for a better society and life, fully respecting universal human rights. The book is organized in three parts: Part I "Background" provides the multidisciplinary background needed to understand digital humanism in its philosophical, cultural, technological, historical, social, and economic dimensions. The goal is to present the necessary knowledge upon which an effective interdisciplinary discourse on digital humanism can be founded. Part II "Digital Humanism - a System's View" focuses on an in-depth presentation and discussion of the main digital humanism concerns arising in current digital systems. The goal of this part is to make readers aware and sensitive to these issues, including e.g. the control and autonomy of AI systems, privacy and security, and the role of governance. Part III "Critical and Societal Issues of Digital Systems" delves into critical societal issues raised by advances of digital technologies. While the public debate in the past has often focused on them separately, especially when they became visible through sensational events the aim here is to shed light on the entire landscape and show their interconnected relationships. This includes issues such as AI and ethics, fairness and bias, privacy and surveillance, platform power and democracy. This textbook is intended for students, teachers, and policy makers interested in digital humanism. It is designed for stand-alone and for complementary courses in computer science, or curricula in science, engineering, humanities and social sciences. Each chapter includes questions for students and an annotated reading list to dive deeper into the associated chapter material. The book aims to provide readers with as wide an exposure as possible to digital advances and their consequences for humanity. It includes constructive ideas and approaches that seek to ensure that our collective digital future is determined through human agency.
540 ## - TERMS GOVERNING USE AND REPRODUCTION NOTE
Terms governing use and reproduction Creative Commons
-- by/4.0/
-- cc
Uniform Resource Identifier <a href="http://creativecommons.org/licenses/by/4.0/">http://creativecommons.org/licenses/by/4.0/</a>
546 ## - LANGUAGE NOTE
Language note English
650 #7 - SUBJECT ADDED ENTRY--TOPICAL TERM
Topical term or geographic name entry element Artificial intelligence
Source of heading or term bicssc
650 #7 - SUBJECT ADDED ENTRY--TOPICAL TERM
Topical term or geographic name entry element Digital and information technologies: social and ethical aspects
Source of heading or term bicssc
650 #7 - SUBJECT ADDED ENTRY--TOPICAL TERM
Topical term or geographic name entry element Ethics and moral philosophy
Source of heading or term bicssc
650 #7 - SUBJECT ADDED ENTRY--TOPICAL TERM
Topical term or geographic name entry element Social and political philosophy
Source of heading or term bicssc
720 1# - ADDED ENTRY--UNCONTROLLED NAME
Name Werthner, Hannes
Relator code edt
720 1# - ADDED ENTRY--UNCONTROLLED NAME
Name Ghezzi, Carlo
Relator code edt
720 1# - ADDED ENTRY--UNCONTROLLED NAME
Name Ghezzi, Carlo
Relator code oth
720 1# - ADDED ENTRY--UNCONTROLLED NAME
Name Kramer, Jeff
Relator code edt
720 1# - ADDED ENTRY--UNCONTROLLED NAME
Name Kramer, Jeff
Relator code oth
720 1# - ADDED ENTRY--UNCONTROLLED NAME
Name Nida-Rümelin, Julian
Relator code edt
720 1# - ADDED ENTRY--UNCONTROLLED NAME
Name Nida-Rümelin, Julian
Relator code oth
720 1# - ADDED ENTRY--UNCONTROLLED NAME
Name Nuseibeh, Bashar
Relator code edt
720 1# - ADDED ENTRY--UNCONTROLLED NAME
Name Nuseibeh, Bashar
Relator code oth
720 1# - ADDED ENTRY--UNCONTROLLED NAME
Name Prem, Erich
Relator code edt
720 1# - ADDED ENTRY--UNCONTROLLED NAME
Name Prem, Erich
Relator code oth
720 1# - ADDED ENTRY--UNCONTROLLED NAME
Name Stanger, Allison
Relator code edt
720 1# - ADDED ENTRY--UNCONTROLLED NAME
Name Stanger, Allison
Relator code oth
720 1# - ADDED ENTRY--UNCONTROLLED NAME
Name Werthner, Hannes
Relator code oth
793 0# -
-- DOAB Library.
856 ## - ELECTRONIC LOCATION AND ACCESS
Uniform Resource Identifier <a href="https://docs.google.com/spreadsheets/d/1yKIrdCPDAG_9c22mwoOIO2DOhtj65Wqa/edit?usp=sharing&ouid=106555315294820607512&rtpof=true&sd=true ">https://docs.google.com/spreadsheets/d/1yKIrdCPDAG_9c22mwoOIO2DOhtj65Wqa/edit?usp=sharing&ouid=106555315294820607512&rtpof=true&sd=true </a>
Link text List of Curated E-Books
942 ## - ADDED ENTRY ELEMENTS (KOHA)
Koha item type E-Book
Holdings
Withdrawn status Damaged status Not for loan Home library Current library Date acquired Total Checkouts Date last seen Price effective from Koha item type
      Directory of Open Access Books Directory of Open Access Books 12/09/2024   12/09/2024 12/09/2024 E-Book

University of Rizal System
Email us at univlibservices@urs.edu.ph

Visit our Website www.urs.edu.ph/library